[Event "9th Boris Kostic mem"]
[Site "Vrsac"]
[EventDate "1981.09.12"]
[Date "1981.09.12"]
[Round "1"]
[White "Chandler, Murray Graham"]
[Black "Cebalo, Miso"]
[Result "1-0"]
[WhiteElo "2530"]
[BlackElo "2500"]
[PlyCount "71"]
[Source "Perpetual Check"]

1. e4 c5 2. g3 g6 3. Bg2 Bg7 4. d3 d6 5. f4 Nc6 6. c3 e6 7. Nf3 Nge7 8. O-O d5
9. e5 b6 10. Na3 a6 11. Be3 Bb7 12. Bf2 h5 13. Rc1 Nf5 14. h3 Bf8 15. Nc2 Be7
16. Qd2 Rc8 17. d4 cxd4 18. Ncxd4 Nfxd4 19. Nxd4 Nxd4 20. Bxd4 Bc5 21. Bxc5
Rxc5 22. c4 O-O 23. f5 exf5 24. b4 Rc7 25. cxd5 Rd7 26. Rcd1 Qa8 27. Rxf5 Bxd5
28. Rf4 Bxg2 29. Qxd7 Bc6 30. Qd6 Ba4 31. Rc1 Re8 32. Rxf7 Qe4 33. Rcf1 Bc6 34.
Rf8+ Kh7 35. R1f7+ Kh6 36. Qd2+ 1-0

[Event "9th Boris Kostic mem"]
[Site "Vrsac"]
[EventDate "1981.09.12"]
[Date "1981.09.12"]
[Round "1"]
[White "Ftacnik, Lubomir"]
[Black "Matulovic, Milan"]
[Result "1/2-1/2"]
[WhiteElo "2525"]
[BlackElo "2495"]
[PlyCount "84"]
[Source "Perpetual Check"]

1. d4 d5 2. c4 dxc4 3. Nf3 Nf6 4. e3 Bg4 5. Bxc4 e6 6. h3 Bh5 7. Nc3 Nbd7 8.
O-O Bd6 9. e4 e5 10. g4 Bg6 11. dxe5 Nxe5 12. Nxe5 Bxe5 13. f4 Qd4+ 14. Qxd4
Bxd4+ 15. Kh2 Bxc3 16. bxc3 Bxe4 17. g5 Bd5 18. Re1+ Kf8 19. Ba3+ Kg8 20. gxf6
Bxc4 21. Re7 h5 22. Rxc7 b5 23. Rg1 Rh6 24. Rxg7+ Kh8 25. Bc5 Rxf6 26. Rg2 Kh7
27. Bd4 Rg6 28. Rf2 Ra6 29. Rc5 Rxa2 30. Rxa2 Bxa2 31. Rxh5+ Kg6 32. Rxb5 a5
33. Rg5+ Kh6 34. Bb6 a4 35. Ra5 Rxa5 36. Bxa5 Kg6 37. Bb4 Kf5 38. Kg3 Bb3 39.
Kf3 Bd5+ 40. Ke3 Bg2 41. h4 Kg4 42. Be7 a3 1/2-1/2

[Event "9th Boris Kostic mem"]
[Site "Vrsac"]
[EventDate "1981.09.12"]
[Date "1981.09.13"]
[Round "2"]
[White "Kurajica, Bojan"]
[Black "Popovic, Petar"]
[Result "1/2-1/2"]
[WhiteElo "2500"]
[BlackElo "2490"]
[PlyCount "20"]
[Source "Perpetual Check"]

1. d4 d5 2. Nf3 Nf6 3. g3 e6 4. Bg2 Be7 5. O-O O-O 6. c4 dxc4 7. Ne5 Nc6 8.
Bxc6 bxc6 9. Nxc6 Qe8 10. Nxe7+ Qxe7 1/2-1/2

[Event "9th Boris Kostic mem"]
[Site "Vrsac"]
[EventDate "1981.09.12"]
[Date "1981.09.13"]
[Round "2"]
[White "Matulovic, Milan"]
[Black "Kapelan, Milorad"]
[Result "1-0"]
[WhiteElo "2495"]
[BlackElo "2305"]
[PlyCount "57"]
[Source "Perpetual Check"]

1. e4 e5 2. Nf3 Nf6 3. Nxe5 d6 4. Nf3 Nxe4 5. d4 d5 6. Bd3 Be7 7. O-O Nc6 8. c4
Bg4 9. Nc3 Nxc3 10. bxc3 O-O 11. cxd5 Qxd5 12. Re1 Rfe8 13. Be4 Qd6 14. Rb1
Rab8 15. h3 Bd7 16. Qc2 h6 17. Bh7+ Kh8 18. Bf5 Bf6 19. Rxe8+ Bxe8 20. g3 Qf8
21. Bf4 Bd8 22. Re1 Ne7 23. Bd3 Ng6 24. Bc1 Bc6 25. Bxg6 Bxf3 26. Ba3 Be7 27.
Bxe7 Re8 28. Qf5 Bc6 29. Qxf7 1-0

[Event "9th Boris Kostic mem"]
[Site "Vrsac"]
[EventDate "1981.09.12"]
[Date "1981.09.14"]
[Round "3"]
[White "Kapelan, Milorad"]
[Black "Cebalo, Miso"]
[Result "0-1"]
[WhiteElo "2305"]
[BlackElo "2500"]
[PlyCount "62"]
[Source "Perpetual Check"]

1. Nf3 Nf6 2. c4 e6 3. g3 a6 4. Bg2 Nc6 5. O-O Rb8 6. d4 b5 7. Nbd2 Be7 8. b3
bxc4 9. Nxc4 Bb7 10. Nfe5 Na7 11. Nf3 O-O 12. Bb2 Bd5 13. Nfd2 Bxg2 14. Kxg2
Rb5 15. Nf3 Qa8 16. Qd3 Nc6 17. Ba3 Bxa3 18. Nxa3 Rh5 19. Nc4 a5 20. a3 Rb8 21.
Kg1 Ne7 22. Rfc1 Rhb5 23. Ncd2 Qb7 24. Rc2 h6 25. Rac1 Ne8 26. Ne5 c6 27. Nec4
Qa7 28. Kg2 f5 29. Ne5 Nf6 30. f3 Qc7 31. Rc5 Rxc5 0-1

[Event "9th Boris Kostic mem"]
[Site "Vrsac"]
[EventDate "1981.09.12"]
[Date "1981.09.14"]
[Round "3"]
[White "Popovic, Petar"]
[Black "Campora, Daniel Hugo"]
[Result "0-1"]
[WhiteElo "2490"]
[BlackElo "2490"]
[PlyCount "56"]
[Source "Perpetual Check"]

1. e4 c6 2. d4 d5 3. Nd2 dxe4 4. Nxe4 Nf6 5. Nxf6+ gxf6 6. Nf3 Bg4 7. Be2 Qc7
8. c4 Nd7 9. h3 Bxf3 10. Bxf3 O-O-O 11. O-O Ne5 12. Be2 Ng6 13. Qa4 Rg8 14.
Qxa7 Nh4 15. g4 h5 16. Bd2 hxg4 17. hxg4 Bh6 18. Bxh6 Rh8 19. d5 Rxh6 20. Rfd1
Ng6 21. Bf3 Qh2+ 22. Kf1 Qh3+ 23. Bg2 Qxg4 24. Qa8+ Kc7 25. Qxd8+ Kxd8 26.
dxc6+ Kc7 27. Rd7+ Kb6 28. cxb7 Rh8 0-1

[Event "9th Boris Kostic mem"]
[Site "Vrsac"]
[EventDate "1981.09.12"]
[Date "1981.09.15"]
[Round "4"]
[White "Velickovic, Sasa"]
[Black "Popovic, Petar"]
[Result "1/2-1/2"]
[WhiteElo "2410"]
[BlackElo "2490"]
[PlyCount "22"]
[Source "Perpetual Check"]

1. Nf3 Nf6 2. b3 b6 3. g3 Bb7 4. Bg2 e6 5. Bb2 Be7 6. O-O O-O 7. c4 c5 8. d4
cxd4 9. Qxd4 d6 10. Rd1 Nbd7 11. Nc3 a6 1/2-1/2

[Event "9th Boris Kostic mem"]
[Site "Vrsac"]
[EventDate "1981.09.12"]
[Date "1981.09.15"]
[Round "4"]
[White "Cebalo, Miso"]
[Black "Smejkal, Jan"]
[Result "1-0"]
[WhiteElo "2500"]
[BlackElo "2540"]
[PlyCount "74"]
[Source "Perpetual Check"]

1. c4 e5 2. Nc3 Nf6 3. Nf3 Nc6 4. a3 g6 5. e3 Bg7 6. Be2 O-O 7. d3 d5 8. cxd5
Nxd5 9. Bd2 Nxc3 10. Bxc3 a5 11. O-O a4 12. Nd2 Be6 13. b4 axb3 14. Nxb3 Qe7
15. Bb2 Na5 16. Nxa5 Rxa5 17. Qc2 Rfa8 18. Rfc1 c5 19. Qc3 b6 20. Bd1 Qf8 21.
e4 Qd6 22. Bb3 Bh6 23. Rd1 Bxb3 24. Qxb3 Bg7 25. Kf1 h5 26. Ke2 R8a7 27. h3 Qc6
28. Bc3 Ra4 29. f3 b5 30. Bb2 Kh7 31. Rac1 c4 32. dxc4 bxc4 33. Qc3 R7a5 34. g4
Rb5 35. Rc2 Qb6 36. gxh5 Rb3 37. hxg6+ Qxg6 {time} 1-0

[Event "9th Boris Kostic mem"]
[Site "Vrsac"]
[EventDate "1981.09.12"]
[Date "1981.09.15"]
[Round "4"]
[White "Chandler, Murray Graham"]
[Black "Ftacnik, Lubomir"]
[Result "1/2-1/2"]
[WhiteElo "2530"]
[BlackElo "2525"]
[PlyCount "61"]
[Source "Perpetual Check"]

1. e4 d6 2. d4 Nf6 3. Nc3 g6 4. g3 Bg7 5. Bg2 O-O 6. Nge2 e5 7. h3 Nbd7 8. Be3
exd4 9. Bxd4 Nb6 10. O-O Bd7 11. Qd3 c5 12. Be3 Bc6 13. Rad1 Re8 14. b3 Qe7 15.
Qxd6 Qxd6 16. Rxd6 Nxe4 17. Nxe4 Bxe4 18. Bxe4 Rxe4 19. c4 Rc8 20. Rfd1 Ree8
21. R6d3 Rc6 22. Nc3 Nc8 23. Ne4 b6 24. Rd8 Kf8 25. Ng5 h6 26. Nh7+ Ke7 27.
R1d7+ Ke6 28. Rxe8+ Kxd7 29. Rg8 Bd4 30. Bxh6 a6 31. Bf4 1/2-1/2

[Event "9th Boris Kostic mem"]
[Site "Vrsac"]
[EventDate "1981.09.12"]
[Date "1981.09.16"]
[Round "5"]
[White "Ftacnik, Lubomir"]
[Black "Kurajica, Bojan"]
[Result "0-1"]
[WhiteElo "2525"]
[BlackElo "2500"]
[PlyCount "76"]
[Source "Perpetual Check"]

1. Nf3 Nf6 2. c4 e6 3. g3 d5 4. Bg2 dxc4 5. O-O Nc6 6. Qa4 Nd7 7. Qxc4 Nb6 8.
Qc3 Nd5 9. Qb3 Nb6 10. d3 Be7 11. Bf4 Bf6 12. Nc3 e5 13. Bd2 Bg4 14. Ne4 O-O
15. e3 Be7 16. Rfd1 Qd7 17. Bc3 Qf5 18. Nh4 Qh5 19. f3 Be6 20. Qc2 f5 21. Nf2
Nd5 22. Re1 Bxh4 23. gxh4 Qxh4 24. Qb3 Rab8 25. Qb5 f4 26. Bh3 Bxh3 27. Qxd5+
Kh8 28. exf4 Rbd8 29. Qc5 Rxf4 30. Nxh3 Qxh3 31. Bxe5 Nxe5 32. Rxe5 Qxf3 33.
Rg5 Rg4+ 34. Rxg4 Qxg4+ 35. Kf2 Re8 36. Qd5 c6 37. Qf3 Qd4+ 38. Kf1 Kg8 0-1

[Event "9th Boris Kostic mem"]
[Site "Vrsac"]
[EventDate "1981.09.12"]
[Date "1981.09.16"]
[Round "5"]
[White "Kapelan, Milorad"]
[Black "Chandler, Murray Graham"]
[Result "1/2-1/2"]
[WhiteElo "2305"]
[BlackElo "2530"]
[PlyCount "38"]
[Source "Perpetual Check"]

1. Nf3 g6 2. g3 Bg7 3. d4 c5 4. d5 Nf6 5. Bg2 O-O 6. O-O d6 7. Re1 e6 8. e4
exd5 9. exd5 Bg4 10. h3 Bxf3 11. Qxf3 Nbd7 12. Qb3 Qc7 13. Nc3 a6 14. a4 Rae8
15. Bd2 Nb6 16. a5 Nc8 17. Qa4 Ne7 18. g4 Rb8 19. Re2 Nc8 1/2-1/2

[Event "9th Boris Kostic mem"]
[Site "Vrsac"]
[EventDate "1981.09.12"]
[Date "1981.09.16"]
[Round "5"]
[White "Popovic, Petar"]
[Black "Sax, Gyula"]
[Result "0-1"]
[WhiteElo "2490"]
[BlackElo "2550"]
[PlyCount "76"]
[Source "Perpetual Check"]

1. e4 c5 2. Nf3 d6 3. d4 cxd4 4. Nxd4 Nf6 5. Nc3 g6 6. Be3 Bg7 7. f3 O-O 8. Qd2
d5 9. e5 Nfd7 10. f4 Nb6 11. Be2 Nc6 12. O-O f6 13. exf6 Bxf6 14. b3 Bd7 15.
Rae1 Rc8 16. Bf3 Nxd4 17. Bxd4 Bxd4+ 18. Qxd4 e6 19. Bd1 Qf6 20. Re5 Bc6 21.
Bg4 Rce8 22. Qd2 Nd7 23. Ree1 Nc5 24. b4 Ne4 25. Nxe4 dxe4 26. c4 Rd8 27. Qf2
b5 28. Qc5 Qd4+ 29. Qxd4 Rxd4 30. Bxe6+ Kg7 31. Rd1 Rfd8 32. Rxd4 Rxd4 33. Rc1
e3 34. cxb5 Bxb5 35. Re1 Rxf4 36. g3 Re4 37. Bd5 Rd4 38. Bb3 e2 {time} 0-1

[Event "9th Boris Kostic mem"]
[Site "Vrsac"]
[EventDate "1981.09.12"]
[Date "1981.09.16"]
[Round "5"]
[White "Campora, Daniel Hugo"]
[Black "Velickovic, Sasa"]
[Result "1/2-1/2"]
[WhiteElo "2490"]
[BlackElo "2410"]
[PlyCount "31"]
[Source "Perpetual Check"]

1. e4 c5 2. Nf3 e6 3. d3 d5 4. Nbd2 Nc6 5. g3 Bd6 6. Bg2 Nge7 7. O-O O-O 8. Re1
Bc7 9. c3 b6 10. exd5 Nxd5 11. Nc4 Bb7 12. d4 cxd4 13. Nxd4 Nxd4 14. Qxd4 b5
15. Ne3 Bb6 16. Qd1 1/2-1/2

[Event "9th Boris Kostic mem"]
[Site "Vrsac"]
[EventDate "1981.09.12"]
[Date "1981.09.18"]
[Round "6"]
[White "Kurajica, Bojan"]
[Black "Velickovic, Sasa"]
[Result "1/2-1/2"]
[WhiteElo "2500"]
[BlackElo "2410"]
[PlyCount "45"]
[Source "Perpetual Check"]

1. d4 Nf6 2. Nf3 c5 3. g3 b6 4. Bg2 Bb7 5. dxc5 bxc5 6. O-O e6 7. Nbd2 Be7 8.
e4 O-O 9. e5 Ne8 10. Nc4 f6 11. Re1 Na6 12. c3 Bd5 13. Qd3 Nac7 14. Ne3 Bc6 15.
Rd1 fxe5 16. Nxe5 Bxg2 17. Nxg2 d6 18. Qe2 Qc8 19. Nd3 Qa6 20. b3 Qc6 21. Bb2
a5 22. c4 Bf6 23. f4 1/2-1/2

[Event "9th Boris Kostic mem"]
[Site "Vrsac"]
[EventDate "1981.09.12"]
[Date "1981.09.18"]
[Round "6"]
[White "Sax, Gyula"]
[Black "Campora, Daniel Hugo"]
[Result "1-0"]
[WhiteElo "2550"]
[BlackElo "2490"]
[PlyCount "105"]
[Source "Perpetual Check"]

1. e4 e5 2. Nf3 Nc6 3. Bb5 Nf6 4. O-O d6 5. d4 Bd7 6. d5 Nb8 7. Qe2 Be7 8.
Bxd7+ Nbxd7 9. c4 c6 10. dxc6 bxc6 11. Nc3 O-O 12. Rd1 Qc7 13. Be3 Rab8 14. Rd2
Rfd8 15. Rad1 Ne8 16. Ne1 g6 17. Nd3 Ng7 18. Rc2 Ne6 19. Nd5 cxd5 20. cxd5 Qb7
21. dxe6 fxe6 22. Qg4 Kf7 23. f3 Rdc8 24. Rf2 Nf6 25. Qh3 Bd8 26. f4 exf4 27.
Rxf4 Kg7 28. Qxe6 Qe7 29. Qxe7+ Bxe7 30. Rdf1 Rc4 31. b3 Rc3 32. Rd1 Rc7 33.
Bd4 g5 34. Rf3 Rf8 35. Rdf1 Kg6 36. Nb4 a5 37. Nd5 Nxd5 38. Rxf8 Bxf8 39. Rxf8
Nf4 40. Rf6+ Kh5 41. Be3 Rc2 42. Bxf4 gxf4 43. Rf5+ Kg4 44. h3+ Kg3 45. Rg5+
Kh4 46. Rg4+ Kh5 47. Rxf4 Rxa2 48. Rf5+ Kh4 49. Kh2 h5 50. Rb5 Rd2 51. Rxa5 Re2
52. b4 Rc2 53. Rf5 1-0

[Event "9th Boris Kostic mem"]
[Site "Vrsac"]
[EventDate "1981.09.12"]
[Date "1981.09.18"]
[Round "6"]
[White "Rajkovic, Dusan"]
[Black "Popovic, Petar"]
[Result "0-1"]
[WhiteElo "2470"]
[BlackElo "2490"]
[PlyCount "80"]
[Source "Perpetual Check"]

1. g3 e5 2. c4 Nc6 3. Nc3 f5 4. Bg2 Nf6 5. d3 g6 6. Rb1 a5 7. a3 Bg7 8. b4 axb4
9. axb4 O-O 10. b5 Nd4 11. e3 Ne6 12. Nge2 d6 13. Nd5 Nxd5 14. cxd5 Nc5 15. O-O
e4 16. d4 Na4 17. Qb3 Nb6 18. Bd2 Bd7 19. Rfc1 g5 20. Rc2 Be8 21. g4 Bf7 22.
Nc3 Qd7 23. Ra2 Rae8 24. Re1 Bg6 25. Ra7 f4 26. exf4 gxf4 27. Nxe4 Bxe4 28.
Rxe4 Rxe4 29. Bxe4 Qxg4+ 30. Kf1 f3 31. Qd3 Qg2+ 32. Ke1 Qg1+ 33. Qf1 Qg4 34.
Bc2 Re8+ 35. Kd1 Bxd4 36. Ra3 Re2 37. Bd3 Re5 38. Bb1 Bc5 39. Rb3 Rxd5 40. h3
Qa4 0-1

[Event "9th Boris Kostic mem"]
[Site "Vrsac"]
[EventDate "1981.09.12"]
[Date "1981.09.18"]
[Round "6"]
[White "Chandler, Murray Graham"]
[Black "Smejkal, Jan"]
[Result "1/2-1/2"]
[WhiteElo "2530"]
[BlackElo "2540"]
[PlyCount "43"]
[Source "Perpetual Check"]

1. d4 Nf6 2. c4 g6 3. Nc3 d5 4. Nf3 Bg7 5. Qb3 dxc4 6. Qxc4 O-O 7. e4 Bg4 8.
Be3 Nfd7 9. Qb3 Nb6 10. Rd1 e6 11. Be2 Nc6 12. Ng1 Bxe2 13. Ngxe2 Qe7 14. O-O
Rfd8 15. a3 Na5 16. Qb5 Nac4 17. Bg5 f6 18. Bc1 c6 19. Qb3 Kh8 20. Qc2 e5 21.
dxe5 Nxe5 22. a4 1/2-1/2

[Event "9th Boris Kostic mem"]
[Site "Vrsac"]
[EventDate "1981.09.12"]
[Date "1981.09.19"]
[Round "7"]
[White "Kapelan, Milorad"]
[Black "Kurajica, Bojan"]
[Result "1/2-1/2"]
[WhiteElo "2305"]
[BlackElo "2500"]
[PlyCount "41"]
[Source "Perpetual Check"]

1. Nf3 Nf6 2. c4 e6 3. g3 d5 4. b3 Be7 5. Bg2 O-O 6. O-O a5 7. Bb2 a4 8. d3 c6
9. Nbd2 Na6 10. bxa4 Nc5 11. Ba3 Nxa4 12. Bxe7 Qxe7 13. Qb3 e5 14. Rfc1 e4 15.
dxe4 Nc5 16. Qc3 dxe4 17. Nd4 Ng4 18. N2b3 Na4 19. Qc2 f5 20. c5 Ne5 21. Re1
1/2-1/2

[Event "9th Boris Kostic mem"]
[Site "Vrsac"]
[EventDate "1981.09.12"]
[Date "1981.09.19"]
[Round "7"]
[White "Popovic, Petar"]
[Black "Matulovic, Milan"]
[Result "1-0"]
[WhiteElo "2490"]
[BlackElo "2495"]
[PlyCount "113"]
[Source "Perpetual Check"]

1. e4 c6 2. d4 d5 3. Nd2 dxe4 4. Nxe4 Nf6 5. Nxf6+ exf6 6. c3 Bf5 7. Bd3 Bg6 8.
Bf4 Bd6 9. Qe2+ Kf8 10. Be3 Nd7 11. Nf3 Qc7 12. O-O Re8 13. Rfe1 Bh5 14. h3 g5
15. g4 Bg6 16. Nh4 Kg7 17. Nf5+ Bxf5 18. Bxf5 Nb6 19. Qf3 Nc4 20. Re2 c5 21.
Rae1 Nxe3 22. fxe3 h5 23. gxh5 Rh6 24. Rf1 Qe7 25. Kg2 cxd4 26. cxd4 Reh8 27.
Bg4 Re8 28. Rc1 Qe4 29. Qxe4 Rxe4 30. Rc8 Rh8 31. Rxh8 Kxh8 32. Bf5 Re7 33. h6
Rc7 34. Rc2 Rxc2+ 35. Bxc2 Bf8 36. h7 Bb4 37. Bf5 Bd2 38. Kf3 Bc1 39. b4 Ba3
40. b5 Kg7 41. Ke4 Bc1 42. a4 b6 43. Kd3 Kh8 44. e4 Bb2 45. Kc4 Kg7 46. Kd5 Kh8
47. e5 fxe5 48. Kxe5 Kg7 49. Ke4 f6 50. d5 Ba3 51. Bg6 f5+ 52. Kxf5 Bb2 53. d6
Kf8 54. Ke6 Kg7 55. d7 Bf6 56. h8=Q+ Kxh8 57. Kxf6 1-0

[Event "9th Boris Kostic mem"]
[Site "Vrsac"]
[EventDate "1981.09.12"]
[Date "1981.09.19"]
[Round "7"]
[White "Campora, Daniel Hugo"]
[Black "Rajkovic, Dusan"]
[Result "1-0"]
[WhiteElo "2490"]
[BlackElo "2470"]
[PlyCount "71"]
[Source "Perpetual Check"]

1. e4 c5 2. Nc3 Nc6 3. f4 e6 4. Nf3 Nge7 5. d4 cxd4 6. Nxd4 a6 7. Nb3 b5 8. Be3
d6 9. Qd2 Bd7 10. O-O-O Nc8 11. e5 d5 12. Qf2 Be7 13. h4 O-O 14. g4 b4 15. Ne2
a5 16. Nbd4 N8a7 17. Nxc6 Nxc6 18. Nd4 a4 19. Nxc6 Bxc6 20. Bd4 Qd7 21. f5 f6
22. Bd3 fxe5 23. Bxe5 b3 24. a3 bxc2 25. Rd2 Bf6 26. Re1 Bxe5 27. Rxe5 exf5 28.
Bxf5 Qc7 29. Qd4 Rae8 30. Rde2 Rxe5 31. Rxe5 Bb7 32. h5 Kh8 33. Re2 Qc6 34.
Rxc2 Qh6+ 35. Kb1 Qg5 36. Qb4 1-0

[Event "9th Boris Kostic mem"]
[Site "Vrsac"]
[EventDate "1981.09.12"]
[Date "1981.09.19"]
[Round "7"]
[White "Velickovic, Sasa"]
[Black "Sax, Gyula"]
[Result "0-1"]
[WhiteElo "2410"]
[BlackElo "2550"]
[PlyCount "62"]
[Source "Perpetual Check"]

1. e4 c5 2. Nf3 d6 3. d4 cxd4 4. Nxd4 Nf6 5. Nc3 g6 6. Be2 Nc6 7. Nb3 Bg7 8.
O-O O-O 9. Kh1 Be6 10. f4 Qc8 11. Bf3 Bc4 12. Re1 Rd8 13. Bd2 e6 14. Be3 e5 15.
a3 Qc7 16. Nd2 d5 17. fxe5 Nxe4 18. Ncxe4 dxe4 19. Bxe4 Nxe5 20. Bf4 Qc5 21. c3
Qf2 22. Be3 Qh4 23. g3 Qh3 24. Bg2 Bd5 25. Qe2 Nd3 26. Rg1 Qe6 27. Nf1 Rd7 28.
Bxd5 Qxd5+ 29. Rg2 Re8 30. Qc2 h5 31. h4 Re4 0-1

[Event "9th Boris Kostic mem"]
[Site "Vrsac"]
[EventDate "1981.09.12"]
[Date "1981.09.20"]
[Round "8"]
[White "Rajkovic, Dusan"]
[Black "Velickovic, Sasa"]
[Result "1/2-1/2"]
[WhiteElo "2470"]
[BlackElo "2410"]
[PlyCount "28"]
[Source "Perpetual Check"]

1. d4 Nf6 2. c4 g6 3. Nc3 Bg7 4. e4 d6 5. Nf3 O-O 6. Be2 c5 7. O-O cxd4 8. Nxd4
Nc6 9. Be3 Nxd4 10. Bxd4 Bd7 11. Qd2 Bc6 12. f3 a5 13. Rac1 Nd7 14. Bxg7 Kxg7
1/2-1/2

[Event "9th Boris Kostic mem"]
[Site "Vrsac"]
[EventDate "1981.09.12"]
[Date "1981.09.20"]
[Round "8"]
[White "Matulovic, Milan"]
[Black "Campora, Daniel Hugo"]
[Result "0-1"]
[WhiteElo "2495"]
[BlackElo "2490"]
[PlyCount "100"]
[Source "Perpetual Check"]

1. e4 c6 2. d4 d5 3. Nd2 dxe4 4. Nxe4 Bf5 5. Ng3 Bg6 6. h4 h6 7. Nf3 Nd7 8. h5
Bh7 9. Bd3 Bxd3 10. Qxd3 e6 11. Bd2 Ngf6 12. Qe2 Qb6 13. O-O-O c5 14. Be3 cxd4
15. Bxd4 Bc5 16. Ne4 Bxd4 17. Rxd4 Nxe4 18. Rxe4 Nf6 19. Re3 O-O 20. Ne5 Rac8
21. Kb1 Rfd8 22. Rb3 Qc7 23. Rc3 Qa5 24. Rxc8 Rxc8 25. Rd1 Rd8 26. Rxd8+ Qxd8
27. g4 Qd4 28. c3 Qe4+ 29. Qxe4 Nxe4 30. f3 Ng5 31. f4 Ne4 32. Nd3 f5 33. gxf5
exf5 34. Kc2 Ng3 35. Kb3 Nxh5 36. Kc4 Kf7 37. Kd5 Kf6 38. Kd6 g5 39. fxg5+ hxg5
40. Kc7 b6 41. Kb7 f4 42. a4 g4 43. a5 bxa5 44. c4 g3 45. Ne1 Ke5 46. c5 Nf6
47. c6 Ke4 48. c7 Ne8 49. c8=N f3 50. Nxa7 f2 0-1

[Event "9th Boris Kostic mem"]
[Site "Vrsac"]
[EventDate "1981.09.12"]
[Date "1981.09.20"]
[Round "8"]
[White "Cebalo, Miso"]
[Black "Popovic, Petar"]
[Result "1/2-1/2"]
[WhiteElo "2500"]
[BlackElo "2490"]
[PlyCount "116"]
[Source "Perpetual Check"]

1. d4 Nf6 2. c4 g6 3. Nc3 d5 4. Nf3 Bg7 5. cxd5 Nxd5 6. e4 Nxc3 7. bxc3 c5 8.
Be3 O-O 9. Rc1 e6 10. Qd2 b6 11. Be2 cxd4 12. cxd4 Bb7 13. e5 Nc6 14. h4 Qd5
15. h5 Rfc8 16. hxg6 hxg6 17. Bh6 Bh8 18. Qf4 Nxd4 19. Qxd4 Qxd4 20. Nxd4 Bxg2
21. Rg1 Bxe5 22. Rxg2 Bxd4 23. Ba6 Rxc1+ 24. Bxc1 Rd8 25. Ke2 Rd5 26. Rg5 e5
27. Rg1 Kg7 28. Rd1 Rc5 29. Bd3 f5 30. f3 Kf6 31. Bd2 Rc7 32. Rh1 Kg7 33. Bh6+
Kf6 34. Bf8 Bc5 35. Rc1 Rh7 36. Bxc5 bxc5 37. Kd2 Rd7 38. Ke3 Rc7 39. Rc4 Ke6
40. Ra4 Kf6 41. Bc4 Kg5 42. Ra6 Rb7 43. Rc6 Rb2 44. Rxc5 Rc2 45. Kd3 Rf2 46.
Bd5 Kf4 47. Ra5 g5 48. Rxa7 g4 49. fxg4 e4+ 50. Kc3 Kxg4 51. a4 Rf3+ 52. Kb4
Rd3 53. Bc4 Rd8 54. Re7 Kf3 55. Re5 Kf4 56. Rd5 Rxd5 57. Bxd5 e3 58. Bc4 Kg3
1/2-1/2

[Event "9th Boris Kostic mem"]
[Site "Vrsac"]
[EventDate "1981.09.12"]
[Date "1981.09.20"]
[Round "8"]
[White "Ftacnik, Lubomir"]
[Black "Petrosian, Tigran"]
[Result "1/2-1/2"]
[WhiteElo "2525"]
[BlackElo "2585"]
[PlyCount "31"]
[Source "Perpetual Check"]

1. Nf3 d5 2. d4 Nf6 3. c4 c6 4. e3 g6 5. Nc3 Bg7 6. Bd3 O-O 7. O-O Bg4 8. h3
Bxf3 9. Qxf3 e6 10. Qe2 Nbd7 11. Rd1 Re8 12. b3 Qe7 13. Bb2 a6 14. Qc2 Rac8 15.
Rac1 Rc7 16. Bf1 1/2-1/2

[Event "9th Boris Kostic mem"]
[Site "Vrsac"]
[EventDate "1981.09.12"]
[Date "1981.09.21"]
[Round "9"]
[White "Smejkal, Jan"]
[Black "Kurajica, Bojan"]
[Result "1-0"]
[WhiteElo "2540"]
[BlackElo "2500"]
[PlyCount "83"]
[Source "Perpetual Check"]

1. c4 e6 2. Nc3 d5 3. d4 Bb4 4. Nf3 Nf6 5. cxd5 exd5 6. Bg5 h6 7. Bh4 g5 8. Bg3
Ne4 9. Nd2 Nxc3 10. bxc3 Bxc3 11. Rc1 Ba5 12. e3 c6 13. Bd3 Nd7 14. O-O Nf6 15.
Be5 O-O 16. Nb3 Bc7 17. f4 g4 18. Qe1 Qe7 19. Qh4 Kg7 20. Rc2 Bxe5 21. fxe5 Ng8
22. Qg3 Qg5 23. Rcf2 Ne7 24. Rf6 b6 25. R1f4 Bd7 26. e6 Bxe6 27. Rxe6 f5 28.
Rf2 Ng6 29. Qc7+ Rf7 30. Qxc6 Rd8 31. Nd2 Ne7 32. Qc7 Ng6 33. Qc6 Ne7 34. Qc2
Rc8 35. Qb1 Rc3 36. Nf1 Ng6 37. Rxf5 Rxf5 38. Bxf5 Nh4 39. Bd3 Qd8 40. Qd1 h5
41. Re5 Qc8 42. Rxh5 1-0

[Event "9th Boris Kostic mem"]
[Site "Vrsac"]
[EventDate "1981.09.12"]
[Date "1981.09.21"]
[Round "9"]
[White "Nikolic, Predrag"]
[Black "Chandler, Murray Graham"]
[Result "1-0"]
[WhiteElo "2510"]
[BlackElo "2530"]
[PlyCount "99"]
[Source "Perpetual Check"]

1. Nf3 Nf6 2. c4 c5 3. d4 cxd4 4. Nxd4 e6 5. Nc3 Bb4 6. Ndb5 O-O 7. Bf4 d5 8.
e3 Nc6 9. a3 Bxc3+ 10. Nxc3 Qe7 11. Bd3 Rd8 12. Qc2 dxc4 13. Bxc4 Nh5 14. Bg3
h6 15. Qe4 Nf6 16. Qh4 e5 17. O-O Bf5 18. Rad1 Be6 19. Bb5 Bb3 20. Rxd8+ Rxd8
21. Ne4 Nxe4 22. Qxe4 Bd5 23. Qc2 a6 24. Be2 g6 25. h3 h5 26. f3 Be6 27. Bf2
Rc8 28. Qa4 Bd5 29. Rc1 Kg7 30. Rc3 Be6 31. Bd3 Bd5 32. Bg3 Re8 33. Be2 Be6 34.
Qc2 Bf5 35. Qc1 Rd8 36. Bxa6 Qg5 37. Qe1 Bxh3 38. Bf1 Be6 39. Bh4 Rd1 40. Qxd1
Qxh4 41. b4 Ne7 42. Qd6 Nf5 43. Qxe5+ Kg8 44. Rd3 Kh7 45. Rd1 Ng3 46. Qf4 Qh1+
47. Kf2 h4 48. Be2 Qh2 49. Rd8 Bf5 50. Qd4 1-0

[Event "9th Boris Kostic mem"]
[Site "Vrsac"]
[EventDate "1981.09.12"]
[Date "1981.09.21"]
[Round "9"]
[White "Campora, Daniel Hugo"]
[Black "Cebalo, Miso"]
[Result "1-0"]
[WhiteElo "2490"]
[BlackElo "2500"]
[PlyCount "111"]
[Source "Perpetual Check"]

1. e4 e6 2. d4 c5 3. d5 exd5 4. exd5 d6 5. Nf3 Nf6 6. Be2 Be7 7. O-O O-O 8. Re1
Re8 9. c4 Nbd7 10. Nc3 Nf8 11. h3 Bf5 12. Bf1 Ng6 13. Nh2 h6 14. g4 Bd7 15. f4
a6 16. Bd3 b5 17. b3 b4 18. Ne2 Nh7 19. a4 bxa3 20. Rxa3 Nh4 21. Qc2 Nf8 22.
Rf1 Bf6 23. Nf3 Nfg6 24. Kh2 Nxf3+ 25. Rxf3 Nh4 26. Rf1 Bc8 27. Ra2 Rb8 28. Bd2
Qb6 29. Ra3 Rb7 30. Be4 Ree7 31. Ng3 Bd4 32. f5 Be5 33. Bf4 Qd8 34. Qd3 Bxf4
35. Rxf4 Re5 36. Ra2 Rb8 37. Raf2 Bd7 38. Qc2 Rb4 39. Qc3 Qb8 40. Bc2 a5 41.
Ne4 Rxe4 42. Rxe4 a4 43. bxa4 Bxa4 44. Bxa4 Rxa4 45. f6 Ra8 46. fxg7 Ng6 47.
Rfe2 Ne5 48. Rxe5 dxe5 49. Qxe5 Qxe5+ 50. Rxe5 Kxg7 51. d6 Rd8 52. Rd5 Kf6 53.
Kg3 Ke6 54. Kf4 Kd7 55. Rxc5 Ra8 56. Ke5 1-0

[Event "9th Boris Kostic mem"]
[Site "Vrsac"]
[EventDate "1981.09.12"]
[Date "1981.09.21"]
[Round "9"]
[White "Velickovic, Sasa"]
[Black "Matulovic, Milan"]
[Result "1/2-1/2"]
[WhiteElo "2410"]
[BlackElo "2495"]
[PlyCount "58"]
[Source "Perpetual Check"]

1. e4 c5 2. Nf3 Nc6 3. c3 Nf6 4. e5 Nd5 5. d4 cxd4 6. Bc4 Nb6 7. Bb3 d5 8. exd6
Qxd6 9. O-O Bf5 10. Nxd4 Nxd4 11. cxd4 Bxb1 12. Rxb1 e6 13. Qf3 Qd7 14. Bf4 Bd6
15. Bxd6 Qxd6 16. Qxb7 O-O 17. Rfd1 Rfd8 18. Rd3 a5 19. a3 a4 20. Ba2 Rac8 21.
Qe4 g6 22. Rbd1 Rc2 23. R3d2 Rxd2 24. Rxd2 Rc8 25. Rd1 Rc6 26. g3 Qc7 27. d5
Rd6 28. Rd4 exd5 29. Qe5 Qd8 1/2-1/2

[Event "9th Boris Kostic mem"]
[Site "Vrsac"]
[EventDate "1981.09.12"]
[Date "1981.09.21"]
[Round "9"]
[White "Sax, Gyula"]
[Black "Rajkovic, Dusan"]
[Result "1/2-1/2"]
[WhiteElo "2550"]
[BlackElo "2470"]
[PlyCount "25"]
[Source "Perpetual Check"]

1. e4 c5 2. Nf3 Nc6 3. d4 cxd4 4. Nxd4 g6 5. Nc3 Bg7 6. Be3 Nf6 7. Bc4 O-O 8.
Bb3 d6 9. f3 Bd7 10. Qd2 Qc7 11. Nxc6 bxc6 12. O-O Rab8 13. Qf2 1/2-1/2